| 000 | 00727cam a22002297a 4500 | ||
|---|---|---|---|
| 001 | 001115 | ||
| 003 | armpunfd | ||
| 005 | 20140612090630.0 | ||
| 008 | 020513e0####xx#a##########000#0#und#d | ||
| 040 |
_aarmpunfd _carmpunfd |
||
| 080 | _a351.83 AL 50 | ||
| 100 | 1 | 0 | _a Alvarez Chavez, Victor Hugo |
| 245 | 1 | 0 | _aNuevo regimen legal de los accidentes de trabajo : ley 9688 modificada por ley 23.643 |
| 260 |
_a Uenos Aires : La Rocca _b1989. Isbn : 950-9714-17-8. 452P. |
||
| 650 | 7 |
_a Accidentes De Trabajo _2LEMB |
|
| 650 | 7 |
_a Derecho Laboral _2LEMB |
|
| 650 | 7 |
_a Ley 23.643 _2LEMB |
|
| 650 | 7 |
_a Ley 9.688 _2LEMB |
|
| 650 | 7 |
_a Riesgos Del Trabajo _2LEMB |
|
| 942 |
_cLB _2cdu |
||
| 945 |
_aCatalis _d2010-08-19 |
||
| 999 |
_c1106 _d231610 |
||